| 000 | 02010nam0a2200373 4500 | ||
|---|---|---|---|
| 001 | RU\NLR\bibl\1294331 | ||
| 005 | 20260405175806.0 | ||
| 010 |
_a978-5-900029-58-0 _9300 |
||
| 021 |
_aRU _b2008-76355 _94408 |
||
| 035 | _a(NLR Aleph) 001279971 | ||
| 090 |
_a492764 _c492764 |
||
| 100 | _a20081113d2008 |||y0rusy50 ca | ||
| 101 | 0 |
_arus _erus _eeng |
|
| 102 | _aRU | ||
| 105 | _aa ||||||||| | ||
| 200 | 1 |
_aБиблиотеки и библиотечное дело в Мордовском крае (XVIII - начало XX в.) _dLibraries and librarianship in Mordovian lands (18th - the beginning of the 20yh century) _fВ.Л. Житаев, И.В. Седина _g[НИИ гуманит. наук при Правительстве Респ. Мордовия] _zeng |
|
| 210 |
_aСаранск _cНаучно-исследовательский институт гуманитарных наук _d2008 |
||
| 215 |
_a253, [2] с., [8] л. ил., портр., факс. _d17 |
||
| 225 | 1 | _aСобытия в истории | |
| 300 | _aАвт. также на англ. яз.: V.L. Zhitaev, I.V. Sedina | ||
| 320 | _aБиблиогр. в конце разделов | ||
| 510 | 1 |
_6z33790 _aLibraries and librarianship in Mordovian lands (18th - the beginning of the 20yh century) _zeng |
|
| 606 | 1 |
_aБиблиотеки _xИстория _yМордовия _z18 - нач. 20 вв. _92553969 _3RU\NLR\auth\661511115 |
|
| 686 | _aЧ733(2Р-6Мо) | ||
| 700 | 1 |
_4070 _8rus _7ca _aЖитаев _bВ. Л. _gВасилий Леонтьевич _3RU\NLR\auth\7776806 _959734 |
|
| 701 | 1 |
_4070 _8rus _7ca _aСедина _bИ. В. _gИрина Васильевна _3RU\NLR\auth\7776808 _959736 |
|
| 790 | 1 |
_4070 _8rus _7ba _aŽitaev _bV. L. _gVasilij Leont'evič _3RU\NLR\auth\7776807 _959735 |
|
| 790 | 1 |
_4070 _8rus _7ba _aSedina _bI. V. _gIrina Vasil'evna _3RU\NLR\auth\7776809 _959737 |
|
| 801 | 0 |
_aRU _bNLR _c20081113 _gRCR |
|
| 801 | 1 |
_aRU _bNLR _c20081113 |
|
| 830 | _aавт. по кн. | ||
| 942 | _cBOOK | ||
| 980 | _aNB | ||